[Event "Madrid"]
[Site "Madrid"]
[Date "1996.05.13"]
[Round "5"]
[White "Kortschnoj, Viktor Lvovich"]
[Black "Azmaiparashvili, Zurab"]
[Result "0-1"]
[WhiteElo "2645"]
[BlackElo "2660"]
[Annotator "Azmaiparashvili"]
[PlyCount "64"]
[EventDate "1996.05.08"]
[EventType "tourn"]
[EventRounds "9"]
[EventCountry "ESP"]
[EventCategory "17"]
[SourceTitle "CBM 053"]
[Source "ChessBase"]
[SourceDate "1996.08.01"]
[SourceVersion "1"]
[SourceVersionDate "1996.08.01"]
[SourceQuality "1"]

1. Nf3 {Stohl} g6 2. e4 Bg7 3. d4 d6 4. c3 Nf6 5. Bd3 O-O 6. O-O Nc6 7. b4 (7.
d5 $142 Nb8 8. h3 {/\ c4, Nc3}) (7. Nbd2 {Stohl} e5 (7... Nd7 $1 {[%cal Ye7e5]
/\e5=}) 8. dxe5 Nxe5 9. Nxe5 dxe5 10. Nf3 Nh5 11. Bg5 Bf6 12. Bh6 Re8 13. Re1
c6 14. Qe2 Qc7 15. g3 Bg4 16. Kg2 Rad8 17. Rad1 Qc8 18. Qe3 b6 19. h4 Ng7 20.
Bg5 Qe6 21. b3 Qe7 22. Bh6 Ne6 23. Bc4 Rxd1 24. Rxd1 Rd8 25. Rxd8+ Qxd8 $2 26.
Nh2 $16 {[%csl Rg4] ץg4,Jovanovic,SD-Szabo,Zso1/FSIM03 Budapest/1996/}) (7.
Re1 Nd7 $5 (7... e5 {Stohl} 8. h3 (8. Bg5 h6 9. Bh4 Bg4 10. d5 Ne7 11. h3 Bd7
12. c4 Nh5 13. Nc3 Nf4 14. Bf1 g5 15. Bg3 Neg6 16. Nd2 g4 17. hxg4 Qg5 18. Nf3
Qxg4 19. Nh4 Qg5 20. Nf3 Qf6 21. Nd2 h5 $36 {Vyzmanavin,A-Balashov,Y/St.
Petersburg op-Petrov/1996/}) 8... h6 9. Na3 Nh5 10. Nc2 Qf6 11. Bf1 Nf4 12. b4
a6 13. Bb2 g5 14. Ne3 exd4 15. Nxd4 Nxd4 16. cxd4 Be6 17. Qc2 c6 18. Rad1 d5
19. e5 Qe7 20. Nf5 Qd7 21. Nxg7 Kxg7 22. Bc1 Bf5 23. Qc3 Ne6 24. h4 $40 {
Iuldachev,S-Simonenko,S/Ashkhabad/1996/}) 8. Bb5 e5 9. Na3 Qe7 10. Nc2 Nd8 11.
Ne3 c6 12. Bf1 f5 13. dxe5 dxe5 14. exf5 gxf5 15. Nc4 Nf7 16. a4 e4 17. Nd4
Nde5 18. Qh5 Ng4 19. Bf4 Nfe5 20. h3 Nf6 21. Qd1 $13 {1/2/Iuldachev,S-Irzhanov,
R/Ashkhabad/1996/}) (7. h3 Nd7 8. Re1 e5 9. Bb5 Qe7 10. Na3 Nd8 11. Bf1 $1 Ne6
12. Nc4 b6 13. a4 exd4 $6 14. cxd4 c5 15. Be3 cxd4 16. Nxd4 Ndc5 17. Nf5 $1
gxf5 18. exf5 d5 19. Qxd5 Nc7 20. Qf3 Qh4 21. Qc6 N5a6 22. Nd6 Qf6 23. Rad1 Rd8
24. Bxa6 Bf8 25. Bxc8 Raxc8 26. Nxc8 Qxc6 27. Rxd8 $18 {Malaniuk,V-Plaskett,J/
Hastings Challengers/1996/}) 7... Nh5 $5 $146 (7... Bg4 8. h3 Bxf3 9. Qxf3 Nd7
10. b5 $4 (10. Nd2 {Stohl} e5 11. d5 Ne7 12. Qe2 c6 13. c4 cxd5 14. cxd5 Nxd5
15. exd5 e4 16. Rb1 exd3 17. Qxd3 Ne5 18. Qb3 Re8 19. Bb2 Rc8 20. Rfe1 b5 21.
Bxe5 Rxe5 22. Qd3 a6 23. Rec1 Qe8 24. Nf3 Re7 25. Kf1 Rec7 26. Rxc7 Rxc7 27.
Re1 $10 {Leko,P-Hansen,Cu/Copenhagen BSF/1995/}) 10... Nxd4 {
Kortschnoj-Azmaiparashvili/1990/Amsterdam/}) 8. b5 (8. Be3 e5 9. d5 Ne7 10. c4
f5 11. Nc3 f4 12. Bd2) (8. Nbd2 {Stohl} e5 $5 9. b5 Na5 $132) (8. Re1 $5 $13 {
Stohl}) 8... Na5 (8... Nb8 {Stohl} 9. a4 Nd7 10. Na3 e5 11. Re1 exd4 12. cxd4
Re8 13. Bg5 Bf6 $132 {1/2/Ostergaard,R-Hutters,T/Copenhagen op2/1994/}) 9. Re1
(9. Be3 e5) 9... c5 10. bxc6 (10. Be3 {Stohl} b6 {[%csl Ra4,Rc4][%cal Ya7a6] /
\a6,׫}) 10... Nxc6 11. Be3 e5 12. d5 {Perhaps White shouldn't have blockaded
the center immediately. Now a King's Indian position arises, in which White
doesn't control the c5 square sufficiently and his chances on the Q-side are
greatly reduced.} (12. Nbd2 d5 $5 13. dxe5 (13. exd5 exd4 14. cxd4 Qxd5 15. Bc4
Qd8 $13) 13... Nxe5 14. Nxe5 Bxe5) (12. h3 $5 {Stohl} Bd7 13. Nbd2 Na5 $132)
12... Na5 13. Nbd2 Bd7 14. Nb3 Rc8 15. Nxa5 (15. Bxa7 Rxc3 16. Qd2 Rxb3 17.
axb3 Nxb3 18. Qb4 Nxa1 19. Rxa1 Nf4 20. Bf1 Bg4 21. Nd2 Qe7 $44 (21... Qd7))
15... Qxa5 16. c4 f5 {[%csl Rc5] ><c5} 17. Bd2 (17. exf5 $5 e4 18. Bxe4 Bxa1
19. Qxa1 gxf5 20. Bd3 Rce8 21. Rb1 $44) 17... Qc7 18. Rc1 (18. Ng5 $6 Nf6 19.
exf5 gxf5 $15 {/\} 20. Ne6 Bxe6 21. dxe6 e4 22. Bf1 Rce8 $17) 18... fxe4 19.
Bxe4 Nf6 20. Bb1 Bg4 $1 21. h3 Bxf3 22. Qxf3 {[%cal Rf6d7,Rd7c5] With the
strong N (Nd7-c5) and chances to activate the Bg7 (e4) Black has little to
fear.} Nd7 23. Qg3 Nc5 24. h4 (24. Be3 $142 $5 $10 {^-}) 24... Rce8 25. f3 (25.
Be4 $142) 25... e4 $1 26. Bxe4 (26. fxe4 Bd4+ 27. Be3 $8 Qg7 $5 28. Bxd4 Qxd4+
29. Qe3 Qe5 $44) 26... Nxe4 (26... Bd4+ $2 27. Kh1 (27. Be3 Nxe4 28. fxe4 Rxe4
29. Bxd4 Rxd4) 27... Bf2 28. Qxf2 Nxe4 29. Qd4 Ng3+ 30. Kh2 Ne2 31. Rxe2 Rxe2
32. Bc3 $16) 27. Rxe4 (27. fxe4 Bd4+ (27... Qc5+ {Stohl} 28. Be3 Qa3 $36) 28.
Be3 Rxe4 29. Bxd4 Rxd4 (29... Rxd4 30. h5 $13)) 27... Rxe4 28. fxe4 Bb2 $1 29.
Rb1 $2 (29. Rc2 Bd4+ 30. Be3 (30. Kh1 $4 Rf1+ 31. Kh2 Be5) 30... Qc5 31. Bxd4 (
31. Re2 Qxc4 $17) 31... Qxd4+ 32. Rf2 (32. Kh2 {Stohl} Qxe4 33. Rf2 Rxf2 34.
Qxf2 Qxc4 $17) 32... b6 33. h5 (33. a4 a5 $22 34. h5 Rf6 35. hxg6 hxg6 36. Qh4
Qa1+ 37. Kh2 Qe5+ 38. Kg1 g5 $19) 33... Qd1+ (33... Kg7 34. hxg6 hxg6 35. Qh4
Rxf2 36. Qxf2 Qxe4) 34. Kh2 Qxh5+ (34... Rxf2 35. Qxf2 Qxh5+ $17) 35. Kg1 Qd1+
36. Kh2 Rxf2 37. Qxf2 Qh5+ 38. Kg1 Qe5) (29. Re1 {Stohl} Bd4+ 30. Be3 Qxc4 31.
h5 (31. Qxd6 $2 Bxe3+ 32. Rxe3 Qc1+ 33. Kh2 Qxe3 34. Qe6+ Rf7 35. Qe8+ Kg7 36.
Qe5+ Kh6 $19) 31... Rf6 $17) 29... Qxc4 30. Bh6 $138 (30. Rxb2 $2 Qd4+ $19) (
30. Qb3 Bd4+ 31. Be3 b5 $1 $17) 30... Bd4+ 31. Be3 (31. Kh1 {Stohl} Rf1+ $19 {
[%cal Rd4e5] /\Be5}) 31... Qc3 $1 32. Re1 Be5 0-1

[Event "Herzliya"]
[Site "Herzliya"]
[Date "1998.09.09"]
[Round "4"]
[White "Bykhovsky, Avigdor"]
[Black "Kantsler, Boris"]
[Result "1-0"]
[WhiteElo "2455"]
[BlackElo "2535"]
[Annotator "Baburin,A"]
[PlyCount "71"]
[EventDate "1998.09.??"]
[EventType "tourn"]
[EventRounds "11"]
[EventCountry "ISR"]
[EventCategory "10"]
[SourceTitle "EXT 1999"]
[Source "ChessBase"]
[SourceDate "1998.11.16"]
[SourceVersion "1"]
[SourceVersionDate "1998.11.16"]
[SourceQuality "1"]

1. d4 d6 2. e4 Nf6 3. f3 d5 4. e5 Nfd7 5. f4 c5 6. Nf3 Nc6 7. Be3 cxd4 8. Nxd4
e6 9. Nd2 Nxd4 10. Bxd4 Nb8 11. Bd3 Nc6 12. Bf2 Be7 13. O-O Bd7 14. c3 g6 15.
Qe2 O-O 16. Nf3 f6 17. exf6 Rxf6 18. g3 a5 19. Rad1 Qf8 20. Kg2 Bc5 $2 {
This is not particularly logical, as with the departure of the dark-squared
bishops, the weakness of the d4- and e5- squares becomes even more apparent.}
21. Bxc5 Qxc5 22. Bb5 Nb8 23. Bd3 Nc6 24. Bb5 Nb8 25. Bxd7 Nxd7 26. Ne5 Nxe5
27. Qxe5 Raf8 28. Rfe1 b5 29. Rd4 Kf7 ({or} 29... b4 30. c4 $16) 30. g4 Qc6 31.
Kg3 Rc8 32. a3 Qb6 {White has gained total control over the position and only
needs to find a plan of breaking through. It's curious that chess programs (at
least those, which I use) believe that the position is roughly equal... Here
human ability to make strategic plans comes handy and White begins expansion
on the kingside:} 33. h4 $1 Qb8 {This is a blunder, but Black's position was
difficult anyway.} 34. Rxd5 Qxe5 35. Rdxe5 Rc4 36. R1e4 1-0

[Event "EU-Cup 13th final play-off"]
[Site "Kazan"]
[Date "1997.12.30"]
[Round "4"]
[White "Oll, Lembit"]
[Black "Svidler, Peter"]
[Result "0-1"]
[WhiteElo "2645"]
[BlackElo "2660"]
[Annotator "Baburin,A"]
[PlyCount "62"]
[EventDate "1997.12.30"]
[EventType "team-match"]
[EventRounds "1"]
[EventCountry "RUS"]
[SourceTitle "EXT 2020"]
[Source "ChessBase"]
[SourceDate "2019.10.17"]
[SourceVersion "1"]
[SourceVersionDate "2019.10.17"]
[SourceQuality "1"]
[WhiteTeam "Warszawa Polonia"]
[BlackTeam "Azov Ladya"]
[WhiteTeamCountry "POL"]
[BlackTeamCountry "RUS"]

1. e4 {Yudasin,L} g6 2. d4 Bg7 3. c3 d6 4. Nf3 Nf6 5. Bd3 O-O 6. O-O Nbd7 (6...
Nc6 {Yudasin,L} 7. Re1 e5) 7. Nbd2 e5 8. Re1 b6 {This double fianchetto looks
slightly suspicious, so White decides to punish his opponent.} (8... c6 {
Yudasin,L} 9. Bc2 {/\Nc4}) 9. d5 $5 {[%csl Rc6] Although White would prefer to
have his c-pawn already on c4 and his knight on c3 instead of d2, White gladly
closes the center, as in the arising pawn formation the potential weakness of
the c6-square might be unpleasant for Black.} (9. a4 {Yudasin,L} a5 10. d5) (9.
Nf1 {Yudasin,L} Bb7 10. Ng3 $14) 9... Bh6 $1 {[%cal Gh6c1] A logical attempt
to exchange the dark-squared bishop.} 10. a4 Nh5 11. Bc2 (11. a5 $5 {would be
more energetic.} Nc5 {Yudasin,L} 12. Bc2 Qf6 13. b4) 11... Ba6 12. c4 (12. a5 {
Yudasin,L}) 12... Bb7 13. a5 Ng7 14. Nb1 {White is keen to move this knight to
it's 'normal' c3-square.} ({However, White would perhaps be even better off
with} 14. b4 {when he might follow with Nb3 and an eventual c4-c5.}) (14. b4 {
[%cal Ga1a3] Yudasin,L /\Ra3}) 14... Bxc1 15. Qxc1 f5 16. exf5 (16. Nc3 {
Yudasin,L} Nf6 17. b4 $14) 16... gxf5 17. Nc3 e4 18. Nd4 Qf6 (18... Ne5 {
Yudasin,L} 19. a6 Bc8 20. Nc6 Nxc6 21. dxc6 Be6 22. b3 Rf7 $13) 19. Nce2 (19.
Ndb5 {Yudasin,L} a6 20. Nxc7 Rac8 21. axb6 Nxb6 22. Nxa6 Nxc4 $146) 19... Ne5
20. a6 {White would probably prefer not to close the queenside, but he had to
deal with the threat of ...Nd3.} Bc8 21. Nb5 (21. b3 $2 {Yudasin,L} Nd3) 21...
Rf7 22. b3 Nh5 23. Ng3 Qh4 $4 {A blunder.} 24. Nxh5 $4 {White does not take
his chance.} (24. Qd2 {Yudasin,L} Ng4 25. h3 $2 e3 $1 (25... Nxf2 $2 26. Nxh5
Nxh3+ 27. gxh3 Qxh5 28. Kh2 f4 29. Rg1+ Kf8 30. Qg2 $16) 26. fxe3 Nxg3 $19) (
24. Qh6 $1 {[%csl Rh5][%cal Rh6h4] would mean curtains for Black.}) 24... Qxh5
25. Qf4 Rg7 26. Nd4 (26. Bd1 {Yudasin,L} Qg6) 26... Bd7 27. Kh1 Kh8 $1 28. Ne2
(28. Rg1 {Yudasin,L} Rag8 29. Bd1 Qh3 $1) 28... Rg4 29. Qe3 Rag8 $19 {Now all
Black's pieces are in the attack.} 30. Rg1 (30. Ng3 {Yudasin,L} Qh4 {[%cal
Rf5f4] /\f4}) 30... Nf3 $1 31. h3 (31. gxf3 Qxh2+ 32. Kxh2 Rh4# {is a pretty
finish.}) 31... Rxg2 $1 0-1

[Event "Capablanca Memorial Elite 30th"]
[Site "Matanzas"]
[Date "1995.??.??"]
[Round "13"]
[White "Zapata, Alonso"]
[Black "Miles, Anthony John"]
[Result "0-1"]
[WhiteElo "2535"]
[BlackElo "2615"]
[Annotator "Baburin,A"]
[PlyCount "126"]
[EventDate "1995.05.??"]
[EventType "tourn"]
[EventRounds "13"]
[EventCountry "CUB"]
[EventCategory "11"]
[SourceTitle "CBM 048"]
[Source "ChessBase"]
[SourceDate "1995.10.01"]
[SourceVersion "1"]
[SourceVersionDate "1995.10.01"]
[SourceQuality "1"]

1. e4 Nc6 2. Nf3 d6 3. d4 Nf6 4. Nbd2 g6 5. c3 Bg7 6. Bb5 O-O 7. O-O Bd7 8. Re1
Qe8 9. Bf1 e5 10. h3 Qd8 11. a4 Re8 12. a5 a6 13. d5 Ne7 14. c4 Rf8 15. c5 Ne8
16. Nc4 Nc8 17. Qb3 Bb5 18. Be3 Rb8 19. Rac1 Nf6 20. Nfd2 Nd7 21. cxd6 cxd6 22.
Qa3 Nf6 23. Nb6 Bxf1 24. Kxf1 Na7 25. Qb4 Nb5 26. Nb1 Ne8 27. Nc3 Nxc3 28. Rxc3
Nc7 29. Nc4 Nb5 30. Rcc1 f5 31. Na3 Nxa3 32. Qxa3 Qd7 33. Bb6 Rbc8 34. Qb3 {
As in the game van Wely - Sorin, Black has the potentially "bad" B. However he
can manage to swap it.} Bh6 $1 35. Ra1 Bg5 $1 36. Ra4 Bd8 37. Rb4 fxe4 38. Bxd8
Qxd8 {The B have been exchanged and Black obtained an advantage due to his
control over two files - "c" & "f".} 39. Rxb7 Qxa5 40. Qd1 Qc5 41. Qd2 Rf4 42.
Kg1 Qd4 43. Rd1 Qxd2 44. Rxd2 a5 45. Rb6 Rc1+ 46. Kh2 Rf6 47. Rb5 Rf1 48. Kg3
h5 49. Rxa5 Rf4 50. f3 exf3 51. gxf3 R1xf3+ 52. Kg2 h4 53. Ra6 Rf6 54. Ra4 R3f4
55. b4 Kg7 56. Rb2 Kh6 57. Ra7 Rf3 58. b5 Rg3+ 59. Kh2 Rff3 60. Ra4 Rxh3+ 61.
Kg1 Rhg3+ 62. Rg2 Rxg2+ 63. Kxg2 Rb3 0-1

[Event "Lake Sevan"]
[Site "Martuni"]
[Date "2016.07.21"]
[Round "4"]
[White "Sevian, Samuel"]
[Black "Onischuk, Vladimir"]
[Result "1-0"]
[WhiteElo "2595"]
[BlackElo "2615"]
[Annotator "Baldauf,M"]
[PlyCount "51"]
[EventDate "2016.07.18"]
[EventType "tourn"]
[EventRounds "9"]
[EventCountry "ARM"]
[EventCategory "16"]
[SourceTitle "CBM 174"]
[Source "ChessBase"]
[SourceDate "2016.09.13"]
[SourceVersion "1"]
[SourceVersionDate "2016.09.13"]
[SourceQuality "1"]
[TimeControl "6000+1450"]
[WhiteClock "0:07:12"]
[BlackClock "0:00:58"]

1. e4 d6 2. d4 Nf6 3. Nc3 g6 4. Be3 c6 5. Qd2 Nbd7 6. Nf3 e5 {sieht bereits
etwas krum aus} (6... Bg7) 7. Bc4 h6 (7... Bg7 8. dxe5 dxe5 9. Qd6 $5 (9. Bxf7+
$2 Kxf7 10. Ng5+ Ke7 11. O-O-O Qc7) 9... Bf8 10. Qd3 Bg7 $140 (10... Be7 $142
$14) 11. Bxf7+ $1 Kxf7 12. Ng5+ Ke7 13. O-O-O Qc7 14. Qc4 $18 {[%cal Gc4f7]})
8. O-O (8. h3 {lenkt die Partie in ruhigere Gewässer}) 8... Ng4 $5 {Schwarz
vernachlässigt seine Entwicklung aufs Gröbste und betteln nahezu darum.
Positiv gewendet muss Weiß nun allerdings konkret etwas unternehmen, da das
schwarze Spiel nur mit massiven Maßnahmen zu bestrafen sein sollte.} 9. h3 Nxe3
10. fxe3 Qe7 {Diagramm [#]} 11. Nxe5 $5 {Sevian nimmt den Fehdehandschuh auf -
er opfert eine Leichtigur für zwei Bauern, wobei in der entstehenden Stellung
nicht ganz klar ist, ob die Kompensation ausreicht.} (11. Nh2 Rh7 12. Rf2 Nb6
13. Bb3 Bd7 14. Raf1 f5 15. exf5 $13) 11... dxe5 12. Rxf7 Qg5 $1 (12... Qxf7
13. Bxf7+ Kxf7 14. Rf1+ Kg7 15. dxe5 $36) 13. Qf2 Be7 14. g3 (14. d5 Rf8 15. d6
Bf6 {und Schwarz behauptet sich}) 14... Rf8 $6 (14... h5 $1 15. h4 Qh6 {
die Dame steht hier wesentlich sicherer, nimmt zudem noch Einfluss auf das
Feld f8. Dies macht den Unterschied, da Schwarz nach folgendem Tf8 immer mit
der Dame auf f8 zurücknehmen kann und somit der Sd7 nicht an die Verteidigung
gebunden ist.} 16. Rf1 (16. Rd1 Rf8 17. dxe5) 16... Rf8 $13) 15. h4 Qg4 16. Rd1
{die Stellung ist nun bereits schwierig für Schwarz, da das natürliche ...Sb6
scheitert.} Rxf7 $2 (16... Kd8 17. Rxf8+ Nxf8 18. Be2 Qe6 19. d5 $44) (16...
Nb6 17. Rxf8+ Bxf8 18. Qf7+ Kd8 19. Qxf8+ $18) (16... exd4 $5 17. exd4 Rxf7 (
17... Kd8 18. Rxf8+ Bxf8 19. e5 $44) 18. Qxf7+ Kd8 19. Rd3 $1 (19. Kh2 $2 Nf6)
19... Nf8 20. d5 $36) 17. Qxf7+ Kd8 18. Kh2 exd4 {Diagramm [#]} (18... Bxh4 19.
gxh4 Qxh4+ 20. Kg2 Qg4+ 21. Kf2 Qh4+ 22. Ke2 Qh2+ 23. Qf2 $14) 19. Be6 $1 {
ein schöner Zwischenzug, der die schwarze Koordination völlig durcheinander
bringt.} (19. exd4 Nf6 {[%cal Gg4h3]}) 19... Qh5 20. exd4 Nf6 21. d5 {jetzt
schlägt der weiße Angriff durch} cxd5 22. Nxd5 Qe2+ 23. Kh3 Bxe6+ 24. Qxe6 Nxd5
25. Rxd5+ Ke8 26. Qxg6+ 1-0

[Event "DEN-ch"]
[Site "Esbjerg"]
[Date "1997.03.29"]
[Round "8"]
[White "Ochsner, Thomas"]
[Black "Sahl, Bjarke"]
[Result "1/2-1/2"]
[WhiteElo "2300"]
[BlackElo "2415"]
[Annotator "Bangiev,A"]
[PlyCount "94"]
[EventDate "1997.03.22"]
[EventType "tourn"]
[EventRounds "9"]
[EventCountry "DEN"]
[EventCategory "10"]
[SourceTitle "CBM 060"]
[Source "ChessBase"]
[SourceDate "1997.09.29"]
[SourceVersion "1"]
[SourceVersionDate "1997.09.29"]
[SourceQuality "1"]

1. e4 c5 2. c3 d6 3. d4 Nf6 4. Bd3 g6 5. h3 Bg7 6. Nf3 O-O 7. O-O Qc7 8. Re1
Nfd7 {Ein interessanter Plan, der noch nicht genügend ausprobiert ist. Schwarz
versucht, die Kontrolle über die Feldern d4 und e5 festzuhalten. Der Nachteil
besteht allerdings darin, daß der schwarze Königsflügel geschwächt wird.} (8...
a6 9. e5 $5 dxe5 10. dxe5 Ne8 11. Qe2 Nc6 12. Bf4 b5 13. Nbd2 $14) (8... Nc6 9.
d5 $5) 9. Bg5 {Eine offensichtliche Antwort.} ({Dieser Zug stellt eine gute
Alternative dar.} 9. Na3 $5 {z.B.} a6 10. Nc2 b5 11. a4 $5) 9... Nc6 (9... e6
$6 10. Na3 h6 $2 11. Be7 Re8 12. Nb5 Qb6 13. Nxd6 $16) 10. Na3 (10. e5 $6 cxd4
11. cxd4 dxe5 12. d5 Nc5 $1 13. dxc6 Rd8 14. cxb7 Bxb7 $15 {0-1 Schmittdiel,
E-Georgiev,K/ Dortmund GM "A" 1991 (30)}) 10... a6 11. Nc2 (11. d5 $5 Nce5 12.
Bxe7 Nxf3+ 13. gxf3 Re8 14. Bh4 b5 15. Nc2 b4 $5 $132) 11... b5 12. Bf1 (12.
Qd2 $5 Bb7 {[%csl Yd5,Ye4]} (12... Re8 $5 13. Bh6 Bh8 14. Qg5 $5 Bf6 $5 (14...
Bb7 $6 15. Qh4 $5 $36 {[%csl Yf7,Yh7] /\Ng5}) 15. Qg3 Bb7 $13) 13. Bh6 (13. d5
$5 Nce5 14. Nxe5 Nxe5 15. Bf1 f5 $5 $132 {[%csl Yd5,Ye4]}) 13... cxd4 14. Bxg7
Kxg7 15. cxd4 Qb6 {[%csl Yd4]} 16. e5 $5 dxe5 17. dxe5 Nc5 $132 {[%csl Yd3]
0-1 Besel,W-Bangiev,A/ Travemuende op 1996 (38)}) (12. d5 Nce5 $13 (12... Nce5
13. Bxe7 Nxf3+ 14. gxf3 Re8 15. Bh4 {->9.d5})) 12... Re8 13. Qd2 Bb7 14. a4 $6
(14. Bh6 Bh8 15. Qg5 {/\Qh4,Ng5 -> h7} Bf6 $5 16. Qf4 $6 e5 $132) 14... Na5 15.
Qd1 (15. axb5 Nb3 $17) 15... Nb3 16. Ra3 c4 17. Nd2 (17. axb5 axb5 18. Rxa8
Rxa8 19. Bxe7 $6 Re8 (19... f6 $5) 20. Bh4 Rxe4 $36) 17... Nxd2 18. Qxd2 e5 $1
{[%csl Ye4] /\19...ed4} 19. f3 (19. d5 Nc5 $15) 19... Nf8 20. Kh1 Ne6 21. Be3
h5 22. axb5 axb5 23. b4 Reb8 (23... cxb3 $5 24. Rxb3 Ra2 25. Bxb5 Rc8 $132) 24.
d5 {Nun entsteht eine Bauernstruktur, die für die Hauptvariante der spanischen
Partie charakteristisch ist. Normalerweise versucht hier Weiß, eine
Initiatiave am Damenflügel zu erlangen, Schwarz dagegen am Königsflügel.} Nf8
25. Rea1 $14 Rxa3 26. Rxa3 Bc8 27. g4 $6 (27. Ra5 f5 28. Na3 fxe4 29. fxe4 Bd7
30. Ra7 Rb7 31. Ra6 $14) 27... Qd8 28. Bg5 $6 (28. Ra7 $142) 28... Bf6 29. Be3
(29. Bxf6 $6 Qxf6 $132) 29... hxg4 30. hxg4 Nh7 31. Ra7 Bg5 $1 $132 32. Bxg5
Nxg5 {Schwarz steht nun aktiver. Man beachte die schwarzfeldrigen Schwächen im
Lager des Weißen.} 33. Qf2 Kg7 34. Bg2 Qf6 35. Kg1 Qf4 36. Ne3 Bb7 37. Kf1 $6 (
37. Nf1 $11) 37... Ra8 $1 {Die einzige aktive weiße Figur (Ra7) wird nun
abgetausch.} 38. Rxa8 (38. Rxb7 $2 Ra1+ 39. Ke2 Ra2+ 40. Kf1 Rxf2+ 41. Kxf2
Nxe4+ $19) 38... Bxa8 39. Ke2 Bb7 (39... Qh2 $2 40. Nf1 Qf4 41. Qa7 $16) 40.
Qg1 Qf6 (40... Bc8 $5 {/\f5} 41. Qa1 f5 $5 (41... Qg3 42. Qa5 Nh3 43. Bxh3 Qxh3
44. Qxb5 Qh2+ 45. Ke1 Qg3+ 46. Ke2 Qh2+ $11) (41... Qh2 42. Qa8 Bxg4 43. fxg4
Nxe4 $13) 42. Qa7+ Kh6 43. gxf5 gxf5 44. exf5 Bxf5 45. Nxf5+ Qxf5 $36) 41. Qa1
$11 Bc8 42. Qa8 Bd7 43. Qa7 Qe7 44. Kf1 f6 45. Nd1 Nf7 46. Nf2 Qd8 47. Nh3 Qe8
1/2-1/2

[Event "GER-ch 68th"]
[Site "Dudweiler"]
[Date "1996.??.??"]
[Round "8"]
[White "Bangiev, Alexander J"]
[Black "Miltner, Arndt"]
[Result "1/2-1/2"]
[WhiteElo "2400"]
[BlackElo "2330"]
[Annotator "Bangiev,A"]
[PlyCount "110"]
[EventDate "1996.11.26"]
[EventType "swiss"]
[EventRounds "9"]
[EventCountry "GER"]
[SourceTitle "CBM 055 Extra"]
[Source "ChessBase"]
[SourceDate "1997.01.01"]
[SourceVersion "1"]
[SourceVersionDate "1997.01.01"]
[SourceQuality "1"]

1. e4 d6 2. f4 c6 3. Nf3 d5 4. Nc3 Bg4 5. h3 Bxf3 6. Qxf3 e6 7. d3 Bb4 8. a3
Ba5 9. Qg3 g6 10. Be2 (10. f5 $1 {->Punkt e5} gxf5 (10... d4 11. Qe5 dxc3 12.
b4 Bc7 13. Qxh8 Qh4+ 14. Kd1 Kf8 15. Qxc3 $16) 11. exf5 exf5 12. Be2) 10... Nf6
11. O-O ({nicht} 11. f5 $2 {wegen} d4 12. b4 Bc7 $17) 11... Nbd7 12. Rb1 $6 ({
nicht} 12. f5 $2 {wegen} d4) (12. Bf3 $142) (12. b4 $2 Bb6+ 13. Kh1 Bd4 $17)
12... Qe7 13. Be3 $6 (13. b4 $2 Bb6+ 14. Kh1 Bd4 $17) (13. Kh1 $142) 13... Bb6
$1 14. e5 d4 $1 15. exf6 Nxf6 16. Na4 dxe3 17. Nxb6 axb6 18. Qxe3 Qc5 19. Qxc5
bxc5 20. Bf3 $14 Kd7 21. Rbe1 Kd6 22. Kf2 Ra4 23. g3 h6 24. Bd1 Ra6 25. c3 Rha8
26. g4 Rh8 27. Kg3 Raa8 28. Bb3 Nd5 29. Re4 f6 30. d4 $6 (30. c4 Nb6 31. d4 Nd7
32. Rd1 $36) 30... cxd4 31. Rxd4 (31. c4 $2 Ne3) 31... b5 $1 $132 32. Bd1 e5
33. fxe5+ fxe5 34. Re4 $6 (34. Rd2 $142 Rhf8 35. Bf3 Rad8 (35... Rf4 36. Rfd1)
36. Rfd1 Ke6 37. Be4 $14) 34... Rhf8 35. Rfe1 Rae8 36. Bf3 Rf4 37. R4e2 g5 $15
38. Be4 Nf6 39. Rd1+ Kc7 (39... Kc5 $2 {nebst Rd6}) 40. Rde1 Re7 41. Bf5 Kd6
42. Rd1+ Kc7 (42... Kc5 $2 43. b4+ {nebst Rd6}) 43. Rde1 (43. Ra1 $5 e4 44. a4
$132) 43... e4 $5 44. Ra1 Nd5 45. Rae1 (45. a4 Rf3+ 46. Kh2 Nf4 $17) 45... Rf3+
46. Kh2 Nf4 47. Rxe4 Rxe4 48. Rxe4 Rf2+ (48... Rxh3+ 49. Kg1 Rg3+ 50. Kf1 $14)
49. Kh1 Rxb2 50. h4 $1 Ng2 $5 (50... Rc2 51. h5 Rxc3 52. Re7+ Kb6 53. Rh7 Rxa3
54. Rxh6 b4 55. Rh8 $13) 51. h5 Nh4 52. Re7+ Kd6 53. Re6+ Kd5 54. Kg1 (54. Rxh6
$2 Nf3 $19) 54... Rg2+ 55. Kf1 Nxf5 1/2-1/2

[Event "Reggio Emilia 9596 38th"]
[Site "Reggio Emilia"]
[Date "1996.01.05"]
[Round "8"]
[White "Beliavsky, Alexander G"]
[Black "Chernin, Alexander"]
[Result "1/2-1/2"]
[WhiteElo "2615"]
[BlackElo "2595"]
[Annotator "Beliavsky,A"]
[PlyCount "69"]
[EventDate "1995.12.28"]
[EventType "tourn"]
[EventRounds "9"]
[EventCountry "ITA"]
[EventCategory "14"]
[SourceTitle "CBM 051"]
[Source "ChessBase"]
[SourceDate "1996.04.01"]
[SourceVersion "1"]
[SourceVersionDate "1996.04.01"]
[SourceQuality "1"]

1. e4 d6 2. d4 Nf6 3. Nc3 g6 4. f3 c6 5. Be3 b5 6. g4 $6 (6. Bd3 Nbd7 7. g4 $13
) 6... Bg7 7. Qd2 (7. Bd3 h5 8. g5 Nfd7 9. f4 Bb7 10. Nf3 $13) 7... h5 $1 8.
gxh5 (8. g5 Nfd7 9. Bd3 Bb7 10. f4 b4 11. Nce2 c5 12. Nf3 $13) 8... Nxh5 9.
Nge2 (9. Nh3 Nf6 10. Nf2) 9... Nd7 10. Rg1 (10. a4 b4 11. Nd1 a5 12. Nf2 Nb6
13. b3 c5 14. c4 $132) 10... Qc7 11. Ng3 (11. d5 b4 12. dxc6 bxc3 13. cxd7+
Bxd7 14. Nxc3 Rb8 $44) 11... Bb7 12. O-O-O a6 13. f4 $5 b4 14. Nxh5 (14. Nce2
Nhf6 15. e5 Ng4 $17) 14... Rxh5 15. Ne2 (15. Nb1 c5 16. d5 Nf6 $17) 15... c5 $1
(15... Rxh2 16. f5 $44) 16. Ng3 Rh7 17. Rg2 $6 (17. f5 cxd4 18. Bxd4 Ne5 19.
Qxb4 Rxh2 $17) 17... Qa5 18. Kb1 Nb6 19. f5 g5 $1 $17 20. Rf2 cxd4 21. f6 $5 (
21. Bxd4 Bxd4 22. Qxd4 f6 $17) 21... Bxf6 22. Bxd4 Bxd4 23. Qxd4 Qc5 24. Qd2 e6
$2 (24... Nd7 $1 $17) 25. Bd3 O-O-O 26. Rdf1 Rd7 27. e5 $1 dxe5 28. Qxg5 f5 29.
Qg8+ Kc7 30. Qxe6 f4 31. Bxh7 fxg3 32. hxg3 Rxh7 33. Rf7+ Rxf7 34. Qxf7+ Nd7
35. g4 $44 1/2-1/2